Premier League - Number 2 - Statistics

General Stats
  • This quiz has been taken 4 times
  • The average score is 7 of 16
Answer Stats
Hint Answer % Correct
Liverpool Joe Gomez
75%
Manchester City Kyle Walker
75%
Aston Villa Matty Cash
75%
Brighton Tariq Lamptey
75%
Manchester United Victor Lindelof
75%
Brentford Aaron Hickey
50%
Crystal Palace Joel Ward
50%
Fulham Kenny Tete
50%
Newcastle Kieran Trippier
50%
Leeds Luke Ayling
50%
West Ham Ben Johnson
25%
Everton James Tarkowski
25%
Southampton Kyle Walker-Peters
25%
Nottingham Forest Giulian Biancone
0%
Leicester James Justin
0%
Bournemouth Ryan Fredericks
0%
No matching quizzes found
Score Distribution
Percent of People with Each Score
Percentile by Number Answered
Your Score History
You have not taken this quiz